La propaganda negra en la Segunda Guerra Mundial / (Registro nro. 30439)
[ vista simple ]
| 000 -LEADER | |
|---|---|
| fixed length control field | 01364nam a2200265Ia 4500 |
| 003 - CONTROL NUMBER IDENTIFIER | |
| control field | CO-CtgCURN |
| 005 - DATE AND TIME OF LATEST TRANSACTION | |
| control field | 20250523212630.0 |
| 008 - FIXED-LENGTH DATA ELEMENTS--GENERAL INFORMATION | |
| fixed length control field | 190726s2006 xx g 000 0 spa d |
| 020 ## - INTERNATIONAL STANDARD BOOK NUMBER | |
| International Standard Book Number | 9788496107700 |
| 040 ## - CATALOGING SOURCE | |
| Original cataloging agency | CO-CtgCURN |
| Language of cataloging | spa |
| Transcribing agency | coctgcurn |
| 082 ## - DEWEY DECIMAL CLASSIFICATION NUMBER | |
| Classification number | 940.548 |
| Item number | N541p |
| 100 ## - MAIN ENTRY--PERSONAL NAME | |
| Personal name | Newcourt-Nowodworski, Stanley |
| 9 (RLIN) | 1556 |
| Relator term | autor |
| 245 #0 - TITLE STATEMENT | |
| Title | La propaganda negra en la Segunda Guerra Mundial / |
| Statement of responsibility, etc. | Stanley Newcourt-Nowodworski; traducción., Fermin Navascues |
| 260 ## - PUBLICATION, DISTRIBUTION, ETC. | |
| Place of publication, distribution, etc. | España : |
| Name of publisher, distributor, etc. | Algaba Ediciones, |
| Date of publication, distribution, etc. | 2006 |
| 300 ## - PHYSICAL DESCRIPTION | |
| Extent | 336 páginas ; |
| Dimensions | 25 centímetros |
| 500 ## - GENERAL NOTE | |
| General note | Titulo original : Black propaganda in the second world war |
| 504 ## - BIBLIOGRAPHY, ETC. NOTE | |
| Bibliography, etc. note | Incluye referencias bibliográficas (p. 323-331) |
| 505 ## - FORMATTED CONTENTS NOTE | |
| Formatted contents note | La guerra psicológica desde Sun Tzu -- La propaganda negra alemana -- La propaganda negra británica -- Sefton Delmeer crea un concepto radicalmente nuevo -- Octavillas y rumores negros -- La operación "N" polac. Unos inicios humildes -- Auge y caída de la Operación "N" -- La cooperación negra anglopolaca -- ¿Por qué conseguimos tan poco? |
| 521 ## - TARGET AUDIENCE NOTE | |
| Target audience note | AREA BASICA |
| 590 ## - LOCAL NOTE (RLIN) | |
| Local note | Todos los programas acádemicos |
| 650 ## - SUBJECT ADDED ENTRY--TOPICAL TERM | |
| Topical term or geographic name entry element | Segunda Guerra Mundial |
| 9 (RLIN) | 1557 |
| 700 ## - ADDED ENTRY--PERSONAL NAME | |
| Personal name | Navascues, Fermin |
| Relator term | traducción |
| 9 (RLIN) | 1558 |
| 942 ## - ADDED ENTRY ELEMENTS (KOHA) | |
| Koha item type | Libros |
| Classification part | 940.548 |
| Item part | N541p |
| Source of classification or shelving scheme | Dewey Decimal Classification |
| Suppress in OPAC | No |
| Withdrawn status | Lost status | Source of classification or shelving scheme | Damaged status | Not for loan | Collection | Home library | Current library | Shelving location | Date acquired | Inventory number | Total checkouts | Full call number | Barcode | Date last seen | Copy number | Price effective from | Koha item type |
|---|---|---|---|---|---|---|---|---|---|---|---|---|---|---|---|---|---|
| Dewey Decimal Classification | General | Miguel Henríquez Castañeda Barranquilla | Miguel Henríquez Castañeda Barranquilla | General | 05/23/2018 | 03884 | 940.548 N541p | 03884 | 07/26/2019 | ej.1 | 07/26/2019 | Libros |